000 00621nam a2200229Ia 4500
003 OSt
005 20220926005257.0
006 a|||||r|||| 00| 0
007 ta
008 220923b |||||||| |||| 00| 0 eng d
037 _cGeneral Book
040 _aRTL
_cRTL
_beng
041 _2eng
_aeng
082 _aX7:8.2.N7, L8
100 _aThavaraj M J K
_9123440
245 0 _aFinancial management of government
260 _a New Delhi
_bSChand India
_c1978
300 _axvi, 928p.
_ccm.
650 _aFinance
942 _hX7:8.2.N7, L8
_cGB
_2CC
999 _c613406
_d613406